[Event "Dortmund 82/278"]
[Site "?"]
[Date "2001.??.??"]
[Round "?"]
[White "Morozevich, A."]
[Black "Leko, P."]
[Result "1/2-1/2"]
[WhiteElo "2739"]
[BlackElo "2730"]
[PlyCount "134"]
[EventDate "2001.??.??"]
[Source "Chess Informant"]
[SourceDate "2001.06.01"]

1. e4 e5 2. Bc4 Nf6 3. d3 Nc6 4. Nc3 Na5 5. Nge2 Be7 6. O-O O-O 7. Ng3 d6 8. a4 Nxc4 9. dxc4 c6 10. b3 Be6 11. Bb2 Qc7 12. Qe2 Rfe8 13. h3 Rad8 14. Rad1 a6 15. Rd2 b5 16. axb5 axb5 17. cxb5 d5 18. b6 Qxb6 19. Na4 Qa5 20. exd5 Nxd5 21. Rfd1 f6 22. c4 Nf4 23. Qe3 Rxd2 24. Rxd2 Bxc4 25. bxc4 Qxa4 26. Qe4 Rd8 27. Rxd8+ Bxd8 28. Kh2 Qa8 29. Nf5 Qb7 30. Bc1 Ne6 31. Qg4 Kh8 32. Qd1 Be7 33. Nxe7 Qxe7 34. Qa4 Qe8 35. Be3 Kg8 36. Qa7 Qd8 37. Qb7 Qc7 38. Qa8+ Kf7 39. g4 Qd7 40. Kg2 h6 41. Qb8 c5 42. Qb1 Qc6+ 43. f3 Nd4 44. Qe4 Qxe4 45. fxe4 Ke6 46. Kf2 g5 47. Bd2 Kf7 48. Ba5 Nb3 49. Bc7 Nd4 50. Bb6 Ne6 51. Kg3 Ke7 52. h4 gxh4+ 53. Kxh4 Kd6 54. Kh5 Ng5 55. Kxh6 Nxe4 56. Kg6 Ke6 57. Ba7 Nf2 58. g5 fxg5 59. Bxc5 Ne4 60. Be3 g4 61. Kh5 Kf5 62. Kh4 Nf6 63. c5 Nd5 64. c6 Ke4 65. Bc5 Kf3 66. Bd6 e4 67. c7 Nxc7 1/2-1/2

[Event "Tilburg"]
[Site "?"]
[Date "1991.??.??"]
[Round "?"]
[White "Short, N."]
[Black "Karpov, An"]
[Result "1/2-1/2"]
[WhiteElo "2660"]
[BlackElo "2730"]
[PlyCount "94"]
[EventDate "1991.??.??"]
[Source "ChessBase"]
[SourceDate "1991.10.01"]

1. e4 e5 2. Nc3 Nf6 3. Bc4 Nc6 4. d3 Na5 5. Nge2 Nxc4 6. dxc4 Bc5 7. O-O d6 8. Qd3 c6 9. b3 Be6 10. Na4 Nd7 11. Nxc5 Nxc5 12. Qe3 b6 13. f4 f6 14. Ba3 Nb7 15. Nc3 Qc7 16. Rad1 O-O-O 17. Bb2 Rd7 18. a4 exf4 19. Qxf4 Bf7 20. Ba3 Re8 21. a5 bxa5 22. Rd4 Re5 23. Rfd1 Bg6 24. h3 Rd8 25. Qf2 Qe7 26. Bc1 Re6 27. Bf4 Nc5 28. Qg3 Nxe4 29. Nxe4 Rxe4 30. Rxd6 Rxd6 31. Bxd6 Qd7 32. Rd2 Kb7 33. Qc3 Qf5 34. Bg3 Re7 35. Qd4 Qc8 36. Qd6 Rf7 37. Kh2 Be4 38. Qc5 Rd7 39. Re2 f5 40. Qxa5 Qd8 41. Qb4+ Qb6 42. Qf8 Qd8 43. Qc5 g5 44. Qb4+ Qb6 45. Qf8 Qd8 46. Qb4+ Qb6 47. Qf8 Qd8 1/2-1/2

[Event "ECC"]
[Site "Rethymnon"]
[Date "2003.10.03"]
[Round "6"]
[White "Babula, Vlastimil"]
[Black "Aleksandrov, Aleksej"]
[Result "1/2-1/2"]
[WhiteElo "2550"]
[BlackElo "2659"]
[PlyCount "93"]
[EventDate "2003.09.28"]
[Source "Roberto Alvarez"]
[SourceDate "2003.10.06"]

1. e4 e5 2. Nc3 Nf6 3. Bc4 Nc6 4. d3 Na5 5. Bb3 Nxb3 6. axb3 d6 7. d4 exd4 8. Qxd4 a6 9. Nd5 Nxd5 10. exd5 Qe7+ 11. Kd1 Qe5 12. Qc4 Qh5+ 13. Nf3 Be7 14. Re1 Kd8 15. Bd2 Re8 16. Bc3 Bd7 17. Re3 Bf8 18. Rxe8+ Bxe8 19. Qh4+ f6 20. Qxh5 Bxh5 21. Bd4 Kd7 22. Kd2 Re8 23. Ng1 Re4 24. Be3 Bf7 25. c4 c6 26. dxc6+ Kxc6 27. Ne2 Rh4 28. h3 d5 29. cxd5+ Bxd5 30. Rc1+ Kd7 31. Nf4 Bxb3 32. g3 Rh6 33. h4 f5 34. Nd3 Rf6 35. Nc5+ Bxc5 36. Rxc5 b6 37. Rc3 Ba4 38. Bf4 Rc6 39. Rxc6 Kxc6 40. Kc3 Bb5 41. b4 a5 42. bxa5 bxa5 43. Be5 g6 44. Bf4 Kd5 45. Bc7 a4 46. Kb4 Ke4 47. Bf4 1/2-1/2

[Event "XXI Carlos Torre KO"]
[Site "Merida MES"]
[Date "2008.12.17"]
[Round "1.2"]
[White "Mitkov, N1."]
[Black "Bruzon Batista, L."]
[Result "1/2-1/2"]
[WhiteElo "2556"]
[BlackElo "2622"]
[PlyCount "96"]
[EventDate "2008.12.17"]
[Source "www.chesslib.no"]
[SourceDate "2004.05.04"]

1. e4 e5 2. Bc4 Nf6 3. d3 Nc6 4. Nc3 Na5 5. Nge2 Nxc4 6. dxc4 Bc5 7. Qd3 d6 8. O-O Be6 9. b3 O-O 10. Ng3 a6 11. Be3 Bxe3 12. Qxe3 Ng4 13. Qd2 Qh4 14. h3 Nf6 15. a4 Kh8 16. Rae1 h6 17. Re3 Qg5 18. a5 Rae8 19. Qd1 Nd7 20. Rf3 Nc5 21. b4 Nd7 22. Nd5 Qd8 23. Qd2 f6 24. Re1 Rf7 25. Nf5 Bxf5 26. exf5 Nb8 27. Qe2 Nc6 28. Rd3 Ne7 29. Qh5 Nxd5 30. Rxd5 Rd7 31. Red1 Qe7 32. Qf3 c6 33. R5d2 Red8 34. b5 axb5 35. cxb5 cxb5 36. Qb3 d5 37. Rxd5 Rxd5 38. Rxd5 Rxd5 39. Qxd5 Qb4 40. Qxb7 Qxa5 41. Qe4 Qc3 42. g3 b4 43. Kg2 b3 44. cxb3 Qxb3 45. h4 Qd1 46. Qf3 Qd4 47. Qc6 Kh7 48. Qf3 Qd2 1/2-1/2

[Event "Calcutta Goodricke op"]
[Site "Calcutta"]
[Date "1998.02.12"]
[Round "7"]
[White "Lastin, Alexander"]
[Black "Graf, Alexander"]
[Result "0-1"]
[WhiteElo "2535"]
[BlackElo "2625"]
[PlyCount "114"]
[EventDate "1998.02.06"]
[Source "ChessBase"]
[SourceDate "1998.03.09"]

1. e4 e5 2. Bc4 Nf6 3. d3 Nc6 4. Nc3 Bb4 5. Bg5 h6 6. Bxf6 Bxc3+ 7. bxc3 Qxf6 8. Ne2 d6 9. O-O g5 10. Rb1 Ne7 11. f3 h5 12. Qd2 h4 13. Qe3 b6 14. d4 Ng6 15. dxe5 dxe5 16. Rbd1 O-O 17. Rd2 Bb7 18. Rfd1 Rad8 19. g3 Rxd2 20. Rxd2 Kg7 21. Rd3 Bc8 22. Kg2 Rh8 23. Rd1 Rh6 24. Kg1 Rh8 25. Kg2 Rh5 26. Rg1 Qd8 27. Qd3 Qe8 28. Kf2 Qc6 29. g4 Rh8 30. Bd5 Qf6 31. Qc4 Qe7 32. Qb4 Rd8 33. Qxe7 Nxe7 34. Bc4 Nc6 35. Ke3 Na5 36. Bd3 Be6 37. Nc1 Nb7 38. Re1 Nc5 39. Nb3 Na4 40. c4 Kf8 41. Nd2 Ke7 42. Rb1 Nc3 43. Rb3 Na4 44. Ra3 Bd7 45. Nb1 a5 46. Nc3 Nxc3 47. Rxc3 Be6 48. a3 Kd6 49. c5+ bxc5 50. Bb5 Rb8 51. Rd3+ Ke7 52. a4 c4 53. Rc3 Kd6 54. Bxc4 Bxc4 55. Rxc4 c6 56. Rc3 Rb1 57. Rd3+ Ke7 0-1

[Event "Tilburg"]
[Site "Tilburg"]
[Date "1994.??.??"]
[Round "2"]
[White "Shabalov, Alexander"]
[Black "Stefansson, Hannes"]
[Result "1-0"]
[WhiteElo "2600"]
[BlackElo "2560"]
[PlyCount "81"]
[EventDate "1994.09.??"]
[Source "ChessBase"]

1. e4 e5 2. Nc3 Nf6 3. Bc4 Nc6 4. d3 Bb4 5. Nge2 d5 6. exd5 Nxd5 7. Bxd5 Qxd5 8. O-O Qd8 9. f4 exf4 10. Bxf4 O-O 11. Qe1 Ne7 12. Qh4 c6 13. Bg5 Qb6+ 14. Kh1 Nf5 15. Qe4 Bxc3 16. bxc3 Qa5 17. Rab1 Qxa2 18. c4 Qa5 19. Bf4 Qd8 20. Qf3 Re8 21. Nc3 Qe7 22. Ne4 f6 23. Qf2 h5 24. Bd2 b6 25. c5 bxc5 26. Rfe1 Qf7 27. Qxc5 Re5 28. Qf2 Bd7 29. Bc3 Ree8 30. Rf1 Be6 31. Nc5 Nh6 32. Qg3 Kh7 33. Rb7 Re7 34. Rxe7 Qxe7 35. Qe3 Ng4 36. Qe4+ f5 37. Rxf5 Kg8 38. Qxe6+ Qxe6 39. Nxe6 Re8 40. Ng5 Re2 41. h3 1-0

[Event "Clarin"]
[Site "Buenos Aires"]
[Date "1979.??.??"]
[Round "5"]
[White "Larsen, Bent"]
[Black "Najdorf, Miguel"]
[Result "1/2-1/2"]
[WhiteElo "2620"]
[BlackElo "2515"]
[PlyCount "111"]
[EventDate "1979.11.??"]
[Source "ChessBase"]

1. e4 e5 2. Bc4 Nf6 3. Nc3 Nc6 4. d3 Be7 5. f4 d6 6. Nf3 O-O 7. O-O Na5 8. f5 c6 9. Bb3 b5 10. h3 h6 11. Qe1 Nh7 12. Be3 Kh8 13. Ne2 a6 14. g4 Nxb3 15. axb3 Ng5 16. Nxg5 Bxg5 17. Qc1 d5 18. Ng3 f6 19. Bxg5 fxg5 20. Qe1 Qd6 21. b4 c5 22. bxc5 Qxc5+ 23. Qf2 Qd6 24. exd5 Qxd5 25. Ne4 Bb7 26. Kh2 b4 27. Qb6 a5 28. f6 Qc6 29. fxg7+ Kxg7 30. Qc5 Qxc5 31. Nxc5 Rxf1 32. Rxf1 Bd5 33. Ra1 Ra7 34. Kg1 Kf7 35. Na4 Bc6 36. Nb6 a4 37. Nc4 Ke6 38. Kf2 Rf7+ 39. Ke2 Bf3+ 40. Ke3 Bc6 41. Nd2 Rc7 42. c3 bxc3 43. bxc3 Rb7 44. Nc4 Rf7 45. Na5 Rf3+ 46. Ke2 Ba8 47. Rxa4 Rxh3 48. Nb3 Bf3+ 49. Kf2 Bd1 50. Nc5+ Kd5 51. Ra5 Kc6 52. Ne4 Bxg4 53. Rc5+ Kb6 54. Rxe5 Rxd3 55. Nxg5 hxg5 56. Rxg5 1/2-1/2

[Event "Clarin"]
[Site "Buenos Aires Clarin"]
[Date "1979.??.??"]
[Round "5"]
[White "Larsen, Bent"]
[Black "Najdorf, Miguel"]
[Result "1/2-1/2"]
[WhiteElo "2620"]
[BlackElo "2515"]
[PlyCount "89"]
[EventDate "1979.??.??"]
[Source "www.chesslib.no"]
[SourceDate "2004.05.04"]

1. e4 e5 2. Bc4 Nf6 3. Nc3 Nc6 4. d3 Be7 5. f4 d6 6. Nf3 O-O 7. O-O Na5 8. f5 c6 9. Bb3 b5 10. h3 h6 11. Qe1 Nh7 12. Be3 Kh8 13. Ne2 a6 14. g4 Nxb3 15. axb3 Ng5 16. Nxg5 Bxg5 17. Qc1 d5 18. Ng3 f6 19. Bxg5 fxg5 20. Qe1 Qd6 21. b4 c5 22. bxc5 Qxc5+ 23. Qf2 Qd6 24. exd5 Qxd5 25. Ne4 Bb7 26. Kh2 b4 27. Qb6 a5 28. f6 Qc6 29. fxg7+ Kxg7 30. Qc5 Qxc5 31. Nxc5 Rxf1 32. Rxf1 Bd5 33. Ra1 Ra7 34. Kg1 Kf7 35. Na4 Bc6 36. Nb6 a4 37. Nc4 Ke7 38. Kf2 Bb5 39. Ke2 Ra8 40. Ke3 e4 41. Nd2 Ke6 42. c3 Ra5 43. cxb4 Kd6 44. Nf3 Kc7 45. bxa5 1/2-1/2

[Event "Yerevan (ol)"]
[Site "?"]
[Date "1996.??.??"]
[Round "?"]
[White "Morovic Fernandez, I."]
[Black "Yurtaev, L."]
[Result "1-0"]
[WhiteElo "2590"]
[BlackElo "2515"]
[PlyCount "87"]
[EventDate "1996.??.??"]
[Source "ChessBase"]
[SourceDate "1996.06.01"]

1. e4 e5 2. Nc3 Nf6 3. Bc4 Nc6 4. d3 d6 5. f4 Na5 6. f5 Nxc4 7. dxc4 g6 8. g4 gxf5 9. gxf5 Bd7 10. Qf3 Bc6 11. Nh3 Rg8 12. Nf2 a6 13. Be3 b5 14. O-O-O bxc4 15. Qe2 Qb8 16. Qxc4 Qb7 17. Rhg1 Rxg1 18. Rxg1 Rb8 19. Ng4 Nd7 20. Nh6 Qxb2+ 21. Kd2 Qb4 22. Qxf7+ Kd8 23. Rb1 Qxc3+ 24. Kxc3 Rxb1 25. Ng4 d5 26. exd5 Bb4+ 27. Kd3 Bxd5 28. Qxd5 Rd1+ 29. Ke4 Rxd5 30. Kxd5 Ke7 31. h3 Bd6 32. c4 h5 33. Nf2 Nf6+ 34. Kc6 Kf7 35. Bg5 Be7 36. Be3 Bd8 37. Nd3 e4 38. Nc5 a5 39. Ne6 Be7 40. Nxc7 Nh7 41. Nd5 Bh4 42. c5 Nf6 43. Nxf6 Kxf6 44. Kd7 1-0

[Event "Hallstahammar Open"]
[Site "?"]
[Date "1997.??.??"]
[Round "?"]
[White "Ruuska, Jan_Olof"]
[Black "Magnusson, Karl"]
[Result "1-0"]
[WhiteElo "2655"]
[BlackElo "2450"]
[PlyCount "81"]
[EventDate "1997.??.??"]
[Source "www.chesslib.no"]
[SourceDate "2004.05.04"]

1. e4 e5 2. Nc3 Nf6 3. Bc4 Nc6 4. d3 Bb4 5. a3 Ba5 6. f4 d5 7. b4 Bb6 8. Nxd5 Nxd5 9. Bxd5 exf4 10. Qh5 g6 11. Bxc6+ bxc6 12. Qe5+ Kd7 13. Qxf4 Qe7 14. Nf3 Ke8 15. c4 c5 16. Bb2 Rf8 17. Bg7 Rg8 18. Bf6 Qd6 19. Qxd6 cxd6 20. Ke2 Bd8 21. Bxd8 Kxd8 22. h3 cxb4 23. axb4 Rb8 24. Rhb1 a6 25. Ra5 Ke7 26. Nd4 Rb6 27. b5 f5 28. Nc6+ Kf6 29. Nb4 axb5 30. Nd5+ Kg7 31. Nxb6 bxc4 32. Ra7+ Kh6 33. Nxc8 cxd3+ 34. Kxd3 fxe4+ 35. Kxe4 Rxc8 36. Kd5 Rc2 37. g4 Rh2 38. Rbb7 Rd2+ 39. Kc6 d5 40. Rxh7+ Kg5 41. Ra5 1-0

[Event "Reykjavik"]
[Site "Reykjavik"]
[Date "1992.??.??"]
[Round "4"]
[White "Arnason, Jon L"]
[Black "Hjartarson, Johann"]
[Result "0-1"]
[WhiteElo "2515"]
[BlackElo "2580"]
[PlyCount "68"]
[EventDate "1992.03.??"]
[Source "ChessBase"]

1. e4 e5 2. Nc3 Nc6 3. Bc4 Nf6 4. d3 Na5 5. Nge2 Nxc4 6. dxc4 c6 7. O-O Be7 8. b3 O-O 9. Ng3 d6 10. a4 g6 11. Bh6 Re8 12. Qd3 Ng4 13. Bd2 Bf8 14. Rad1 Be6 15. h3 Nf6 16. f4 exf4 17. Bxf4 Qa5 18. Qf3 Nd7 19. Nd5 Bg7 20. b4 Qxa4 21. Bxd6 Qxc2 22. Rc1 Qb2 23. Nc7 Qd4+ 24. Kh1 Qxd6 25. Nxa8 Rxa8 26. c5 Qe7 27. Ne2 a5 28. Qa3 a4 29. Qe3 a3 30. Nc3 a2 31. Qd2 Ra3 32. Qb2 Rb3 33. Qxa2 Rxc3 34. Qa8+ Nf8 0-1

[Event "Buenos Aires ol (Men)"]
[Site "Buenos Aires ARG"]
[Date "1978.??.??"]
[Round "5"]
[White "Hartston, William R"]
[Black "Romanishin, Oleg M"]
[Result "1/2-1/2"]
[WhiteElo "2475"]
[BlackElo "2610"]
[PlyCount "61"]
[EventDate "1978.10.25"]
[Source "www.chesslib.no"]
[SourceDate "2004.05.04"]

1. e4 e5 2. Bc4 Nf6 3. d3 Nc6 4. Nc3 Bb4 5. Nf3 d6 6. O-O Bxc3 7. bxc3 h6 8. Qe2 Be6 9. Bb3 Qc8 10. Nh4 Bxb3 11. axb3 Qg4 12. Qxg4 Nxg4 13. f3 Nf6 14. Nf5 Kf8 15. c4 Nd7 16. Bb2 f6 17. Ne3 Kf7 18. f4 a5 19. fxe5 dxe5 20. Bc3 Nd4 21. Nd5 Ne6 22. Ra2 Ra7 23. Bd2 b6 24. Be3 Nec5 25. Rf2 Rb7 26. Bd2 c6 27. Ne3 Ra8 28. Rf1 Rd8 29. b4 axb4 30. Bxb4 h5 31. Rb1 1/2-1/2

[Event "Dortmund-A"]
[Site "Dortmund"]
[Date "1987.??.??"]
[Round "?"]
[White "Balashov, Yuri S"]
[Black "Nunn, John DM"]
[Result "1/2-1/2"]
[WhiteElo "2525"]
[BlackElo "2560"]
[PlyCount "50"]
[EventDate "1987.04.??"]
[Source "ChessBase"]

1. e4 e5 2. Bc4 Nf6 3. d3 Nc6 4. Nc3 Bb4 5. Nge2 d5 6. exd5 Nxd5 7. Bxd5 Qxd5 8. O-O Qd8 9. f4 exf4 10. Bxf4 O-O 11. Qe1 Ne7 12. Qf2 Bg4 13. a3 Bxe2 14. Nxe2 Bd6 15. Rae1 Bxf4 16. Nxf4 Qd7 17. Re4 Ng6 18. Nxg6 hxg6 19. Rfe1 Rfe8 20. Qe3 Rxe4 21. Qxe4 Qb5 22. Qe5 Qxe5 23. Rxe5 Kf8 24. Kf2 f6 25. Re4 g5 1/2-1/2

[Event "Veterans-Women"]
[Site "Monte Carlo"]
[Date "1994.??.??"]
[Round "12"]
[White "Larsen, Bent"]
[Black "Xie Jun"]
[Result "1/2-1/2"]
[WhiteElo "2560"]
[BlackElo "2515"]
[PlyCount "111"]
[EventDate "1994.06.??"]
[Source "ChessBase"]

1. e4 e5 2. Nc3 Nf6 3. Bc4 Nc6 4. d3 Na5 5. Nge2 Be7 6. O-O O-O 7. a4 Nxc4 8. dxc4 d6 9. b3 Be6 10. Ng3 c6 11. Ba3 Qc7 12. Qf3 Rad8 13. Rfe1 Rfe8 14. h3 d5 15. exd5 cxd5 16. Nb5 Qb8 17. Bxe7 Rxe7 18. cxd5 Nxd5 19. Nf5 Bxf5 20. Qxf5 a6 21. Na3 Re6 22. Nc4 Ne7 23. Qh5 Nc6 24. Rad1 Rxd1 25. Rxd1 b5 26. axb5 axb5 27. Ne3 Rd6 28. Ra1 Qd8 29. Qf3 g6 30. c4 bxc4 31. Nxc4 Rf6 32. Qe3 Qd4 33. Ra8+ Kg7 34. Re8 Qd7 35. Ra8 Qd1+ 36. Kh2 Qd4 37. Ra2 Qf4+ 38. Kg1 Re6 39. Rd2 Qf5 40. Rd5 Qb1+ 41. Kh2 Qf5 42. g4 Qb1 43. Kg2 Qa1 44. Rd7 Qa8 45. Qe4 Qc8 46. Qd5 Ne7 47. Qb7 Qxb7+ 48. Rxb7 Nd5 49. b4 e4 50. Kg3 e3 51. fxe3 Nxe3 52. Nd2 Nd5 53. Nc4 Re4 54. Nd6 Rxb4 55. Rxf7+ Kg8 56. Rf3 1/2-1/2

[Event "Pamplona9697"]
[Site "Pamplona"]
[Date "1996.??.??"]
[Round "2"]
[White "Magem Badals, Jordi"]
[Black "De la Villa Garcia, Jesus Maria"]
[Result "1/2-1/2"]
[WhiteElo "2570"]
[BlackElo "2495"]
[PlyCount "88"]
[EventDate "1996.12.??"]
[Source "ChessBase"]
[SourceDate "1997.04.10"]

1. e4 e5 2. Bc4 Nf6 3. d3 Nc6 4. Nc3 Bb4 5. Nge2 d5 6. exd5 Nxd5 7. O-O Bxc3 8. Nxc3 Nxc3 9. bxc3 O-O 10. Re1 Na5 11. Bb3 Re8 12. f4 Nxb3 13. axb3 exf4 14. Rxe8+ Qxe8 15. Bxf4 c6 16. Qd2 Be6 17. Qf2 a6 18. Qb6 Qd7 19. h3 Re8 20. Re1 h6 21. c4 f6 22. Bg3 Kh7 23. Kh2 Bf7 24. Rxe8 Bxe8 25. Qe3 Bg6 26. Kg1 Qe8 27. Kf2 Kg8 28. Qxe8+ Bxe8 29. Ke3 Kf7 30. Kd4 Ke6 31. Kc5 Bh5 32. Kb6 Bd1 33. Kxb7 Kd7 34. d4 Bxc2 35. d5 Be4 36. dxc6+ Bxc6+ 37. Kxa6 Bxg2 38. h4 Kc6 39. Bf2 Bf1 40. Bd4 g5 41. Bxf6 gxh4 42. Bxh4 Bxc4+ 43. bxc4 Kc5 44. Kb7 Kxc4 1/2-1/2

[Event "World Open"]
[Site "Philadelphia, PA USA"]
[Date "1992.??.??"]
[Round "3"]
[White "Kaidanov, Gregory S"]
[Black "Ibragimov, Ildar"]
[Result "1-0"]
[WhiteElo "2550"]
[BlackElo "2515"]
[PlyCount "47"]
[EventDate "1992.06.??"]
[Source "www.chesslib.no"]
[SourceDate "2004.05.04"]

1. e4 e5 2. Bc4 Nf6 3. d3 Nc6 4. Nc3 Bb4 5. Nge2 d5 6. exd5 Nxd5 7. O-O Nb6 8. Bb3 O-O 9. Ne4 Na5 10. Bg5 Be7 11. Bxe7 Qxe7 12. Qd2 Nxb3 13. axb3 Nd5 14. N4c3 Nb4 15. f4 b6 16. fxe5 Qxe5 17. d4 Qe7 18. Ng3 Be6 19. Rae1 Rad8 20. Nce4 c5 21. c3 Nc6 22. Nf6+ gxf6 23. Qh6 f5 24. Nh5 1-0

[Event "GMA Baleares Open"]
[Site "Palma de Majorca ESP"]
[Date "1989.??.??"]
[Round "1"]
[White "Smyslov, Vassily V"]
[Black "Gligoric, Svetozar"]
[Result "1/2-1/2"]
[WhiteElo "2560"]
[BlackElo "2505"]
[PlyCount "107"]
[EventDate "1989.12.??"]
[Source "www.chesslib.no"]
[SourceDate "2004.05.04"]

1. e4 e5 2. Bc4 Nf6 3. d3 Nc6 4. Nc3 Bb4 5. Bg5 h6 6. Bh4 Na5 7. Nge2 d6 8. a3 Bxc3+ 9. Nxc3 Nxc4 10. dxc4 Be6 11. Qe2 c6 12. O-O-O Qc7 13. Rd2 O-O-O 14. Bxf6 gxf6 15. Rhd1 Kb8 16. Qf3 Qe7 17. b3 h5 18. Qe3 f5 19. f4 fxe4 20. fxe5 dxe5 21. Rxd8+ Rxd8 22. Rxd8+ Qxd8 23. Nxe4 f5 24. Ng5 Qf6 25. h4 Bc8 26. c5 Qe7 27. b4 a6 28. g3 Qf6 29. Nf3 e4 30. Nd4 Ka8 31. Kd2 Qd8 32. Kc3 Qd5 33. Ne2 Qa2 34. Kd2 Be6 35. Qc3 Bf7 36. Ke3 Qb1 37. a4 Qf1 38. a5 Bd5 39. Kd2 Qg2 40. Qd4 Ka7 41. Qg1 e3+ 42. Qxe3 Bc4 43. Qe8 Bxe2 44. Qxe2 Qxg3 45. Qxh5 f4 46. Qg5 Qf2+ 47. Kc3 Qe3+ 48. Kc4 Qe4+ 49. Kc3 Qe1+ 50. Kc4 Qe2+ 51. Kc3 f3 52. Qd8 Qe3+ 53. Kc4 Qe6+ 54. Kd3 1/2-1/2

[Event "EUCup 17th"]
[Site "Panormo"]
[Date "2001.09.26"]
[Round "4"]
[White "Mitkov, Nikola"]
[Black "Grabarczyk, Miroslaw"]
[Result "1/2-1/2"]
[WhiteElo "2547"]
[BlackElo "2499"]
[PlyCount "43"]
[EventDate "2001.09.22"]
[Source "ChessBase"]
[SourceDate "2001.10.26"]

1. e4 e5 2. Bc4 Nc6 3. Nc3 Nf6 4. d3 d6 5. f4 Na5 6. Bb3 Nxb3 7. axb3 Be7 8. Nf3 exf4 9. Bxf4 O-O 10. O-O d5 11. e5 Ne8 12. Qe1 g6 13. Qd2 Ng7 14. Bg5 c6 15. Rae1 f6 16. exf6 Bxf6 17. Bxf6 Qxf6 18. Ne5 Qd6 19. Rxf8+ Qxf8 20. Rf1 Qe7 21. Qf2 Bf5 22. Re1 1/2-1/2

[Event "Andorra op 18th"]
[Site "Andorra"]
[Date "2000.06.26"]
[Round "3"]
[White "Perez, Luis Manuel"]
[Black "Kuzmin, Alexey"]
[Result "1/2-1/2"]
[WhiteElo "2459"]
[BlackElo "2587"]
[PlyCount "49"]
[EventDate "2000.06.24"]
[Source "ChessBase"]
[SourceDate "2000.07.11"]

1. e4 e5 2. Bc4 Nf6 3. Nc3 Nc6 4. d3 Bb4 5. Bg5 h6 6. Bxf6 Bxc3+ 7. bxc3 Qxf6 8. Ne2 d6 9. O-O g5 10. Bb5 Bd7 11. c4 O-O 12. Nc3 Qd8 13. Nd5 f5 14. exf5 Rxf5 15. Rb1 b6 16. Bxc6 Bxc6 17. Qg4 Rf7 18. d4 Bxd5 19. cxd5 Qf6 20. Rbe1 Re8 21. f4 e4 22. fxg5 Qxd4+ 23. Kh1 Qxd5 24. gxh6+ Kh8 25. Qg6 1/2-1/2

[Event "Lazne Bohdanec"]
[Site "Lazne Bohdanec"]
[Date "1994.??.??"]
[Round "11"]
[White "Rogers, Ian"]
[Black "Haba, Petr"]
[Result "1-0"]
[WhiteElo "2565"]
[BlackElo "2475"]
[PlyCount "67"]
[EventDate "1994.02.??"]
[Source "ChessBase"]

1. e4 e5 2. Bc4 Nf6 3. Nc3 Nc6 4. d3 Bc5 5. Bg5 h6 6. Bh4 d6 7. Na4 Bb6 8. Nxb6 axb6 9. f3 Na5 10. Ne2 Nxc4 11. dxc4 Be6 12. b3 g5 13. Bf2 Nh5 14. Nc3 Ng7 15. Qd2 f5 16. exf5 Nxf5 17. O-O-O Qe7 18. Kb1 Nh4 19. Nb5 Rd8 20. Bxh4 gxh4 21. f4 d5 22. Qe3 e4 23. cxd5 Bxd5 24. Nxc7+ Qxc7 25. Rxd5 O-O 26. Qxe4 Rxd5 27. Qxd5+ Qf7 28. Qxf7+ Kxf7 29. g3 Re8 30. gxh4 Re2 31. a4 Ke6 32. Rg1 Kf5 33. Rg7 Kxf4 34. Rg6 1-0

[Event "Finjub30 GM2"]
[Site "Finjub30 GM2"]
[Date "1992.??.??"]
[Round "?"]
[White "Jensen, Allan"]
[Black "Meleghegyi, Csaba"]
[Result "0-1"]
[WhiteElo "2440"]
[BlackElo "2600"]
[PlyCount "46"]
[EventDate "1992.??.??"]
[Source "www.chesslib.no"]
[SourceDate "2004.05.04"]

1. e4 e5 2. Bc4 Nf6 3. d3 Nc6 4. Nc3 Na5 5. Nge2 Bc5 6. Ng3 d6 7. h3 Nxc4 8. dxc4 h6 9. O-O Be6 10. Qd3 O-O 11. Bd2 a6 12. b3 c6 13. Rad1 b5 14. cxb5 axb5 15. a4 b4 16. Na2 Qb6 17. Qf3 d5 18. Nc1 Bd4 19. Nd3 c5 20. Nh5 Nxe4 21. Be3 Qd6 22. Rde1 f6 23. g4 Ng5 0-1

[Event "Biel Open"]
[Site "Biel SUI"]
[Date "1993.??.??"]
[Round "10"]
[White "Tischbierek, Raj"]
[Black "Kuzmin, Alexey"]
[Result "1/2-1/2"]
[WhiteElo "2480"]
[BlackElo "2555"]
[PlyCount "29"]
[EventDate "1993.07.??"]
[Source "www.chesslib.no"]
[SourceDate "2004.05.04"]

1. e4 e5 2. Bc4 Nf6 3. d3 Nc6 4. Nc3 Na5 5. Nge2 Nxc4 6. dxc4 Bc5 7. O-O d6 8. Qd3 Be6 9. b3 O-O 10. Be3 Bxe3 11. Qxe3 Kh8 12. Rad1 b6 13. h3 Nd7 14. Ng3 f5 15. exf5 1/2-1/2

[Event "Benasque"]
[Site "?"]
[Date "1996.??.??"]
[Round "?"]
[White "Mitkov, N."]
[Black "Korneev, O."]
[Result "0-1"]
[WhiteElo "2470"]
[BlackElo "2565"]
[PlyCount "46"]
[EventDate "1996.??.??"]
[Source "ChessBase"]
[SourceDate "1996.10.01"]

1. e4 e5 2. Bc4 Nf6 3. d3 Nc6 4. Nc3 Bc5 5. f4 d5 6. Nxd5 Nxd5 7. Bxd5 Bxg1 8. Qh5 O-O 9. Rxg1 Nd4 10. Kd1 c6 11. Bb3 a5 12. Qxe5 Bg4+ 13. Kd2 a4 14. c3 Ne2 15. Bd1 Nxg1 16. Bxg4 Qh4 17. Qd4 Qxg4 18. Qxg1 f5 19. Kc2 fxe4 20. d4 Qe2+ 21. Bd2 Qd3+ 22. Kc1 a3 23. b3 Rxf4 0-1

[Event "Munich"]
[Site "Munich"]
[Date "1989.??.??"]
[Round "?"]
[White "Kindermann, Stefan"]
[Black "Wahls, Matthias"]
[Result "1/2-1/2"]
[WhiteElo "2515"]
[BlackElo "2515"]
[PlyCount "86"]
[EventDate "1989.04.??"]
[Source "ChessBase"]

1. e4 e5 2. Nc3 Nc6 3. Bc4 Nf6 4. d3 Bb4 5. Bg5 h6 6. Bxf6 Bxc3+ 7. bxc3 Qxf6 8. Ne2 Na5 9. Bb3 Nxb3 10. axb3 d6 11. O-O Qg6 12. f4 Bg4 13. Qd2 Bxe2 14. Qxe2 exf4 15. Rxf4 O-O 16. Raf1 Rae8 17. c4 Re5 18. Qf3 f6 19. h4 Kh8 20. Kh1 Rfe8 21. g4 a5 22. Rf5 b6 23. Rg1 Qf7 24. g5 Rxf5 25. exf5 fxg5 26. hxg5 Re5 27. gxh6 gxh6 28. Rf1 Qf6 29. Qg4 Re7 30. Qh3 Rf7 31. Re1 Rg7 32. d4 Kh7 33. c3 Qg5 34. d5 Qf4 35. Rf1 Qe4+ 36. Kh2 Rg4 37. Qf3 Rh4+ 38. Kg3 Kg7 39. Qxe4 Rxe4 40. Kf3 Rh4 41. Re1 Rh3+ 42. Kf4 Kf7 43. Re6 a4 1/2-1/2

[Event "It (Men) Schaumburg USA"]
[Site "?"]
[Date "2006.04.20"]
[Round "5"]
[White "Mitkov Nikola"]
[Black "Friedel Joshua E"]
[Result "1-0"]
[WhiteElo "2561"]
[BlackElo "2465"]
[PlyCount "87"]
[EventDate "2006.??.??"]
[Source "www.chesslib.no"]
[SourceDate "2004.05.04"]

1. e4 e5 2. Bc4 Nf6 3. d3 Nc6 4. Nc3 Na5 5. Nge2 c6 6. a4 Nxc4 7. dxc4 Bc5 8. O-O d6 9. Qd3 Be6 10. b3 O-O 11. Be3 Bxe3 12. Qxe3 a5 13. Rad1 Qc7 14. h3 Rad8 15. f4 exf4 16. Qxf4 Qb6+ 17. Kh1 Qc5 18. Rd2 Rd7 19. Rd3 Rfd8 20. Ng3 Nh5 21. Nxh5 Qxh5 22. Re1 f6 23. Ne2 Qe5 24. Qd2 Bf7 25. Nd4 Bg6 26. Nf3 Qc5 27. Rd4 Re8 28. c3 Rde7 29. b4 Qh5 30. Qf4 f5 31. e5 dxe5 32. Rxe5 Rxe5 33. Nxe5 Qe2 34. Nf3 h6 35. bxa5 Qf2 36. Rd2 Qc5 37. Rd7 Qxa5 38. Qd4 Bf7 39. Rxb7 Qxa4 40. Ne5 c5 41. Qxc5 Qd1+ 42. Kh2 Qe1 43. Nxf7 Qe4 44. Qc7 1-0

[Event "Vrbas"]
[Site "Vrbas"]
[Date "1977.??.??"]
[Round "10"]
[White "Sahovic, Dragutin"]
[Black "Gligoric, Svetozar"]
[Result "1/2-1/2"]
[WhiteElo "2460"]
[BlackElo "2565"]
[PlyCount "93"]
[EventDate "1977.05.??"]
[Source "ChessBase"]

1. e4 e5 2. Bc4 Nf6 3. d3 Nc6 4. Nc3 Bb4 5. Nge2 Na5 6. O-O Nxc4 7. dxc4 d6 8. Bg5 Be6 9. Nd5 Bxd5 10. cxd5 h6 11. Bxf6 Qxf6 12. c3 Bc5 13. Qa4+ Ke7 14. Kh1 Rhe8 15. f4 Kf8 16. Rae1 Kg8 17. f5 Qg5 18. Qd1 h5 19. Rf3 h4 20. Rh3 f6 21. Ng1 Bxg1 22. Rxg1 Kf7 23. g3 Rh8 24. gxh4 Qf4 25. Rg4 Qf2 26. Rhg3 Rh7 27. Rg2 Qe3 28. R2g3 Qf2 29. Rg2 Qe3 30. Qf1 Kf8 31. Re2 Qd3 32. a3 Re8 33. Qf2 a5 34. Re3 Qd1+ 35. Rg1 Qa4 36. Qg3 Re7 37. Qg4 Qc2 38. Reg3 Rh6 39. R3g2 Qd3 40. h3 Qe3 41. Rg3 Qd2 42. R1g2 Qc1+ 43. Kh2 a4 44. h5 Qf1 45. Rf3 Qe1 46. c4 b6 47. Rc3 1/2-1/2